See food, name country - Statistics

General Stats
  • This quiz has been taken 23 times
  • The average score is 10 of 16
Answer Stats
Picture Hint Answer % Correct
Feast with the yeast... or head for a barbie. Australia
95%
An ill-manner child served as breakfast. Germany
90%
A "turning" food. Opa! Greece
90%
Slimy, stinky "superfood". Japan
90%
Almost like a Russian leader. Canada
85%
A rodent movie was named after it. France
85%
Energy of the Great Leader. Korea
85%
Named after cookware. Spain
85%
Such a tart! For the Lusosphere, anyway. Portugal
65%
Beat it sour like UNESCO. Ukraine
50%
Tea of a round shape. Taiwan
45%
Definitely not a long, thin sausage dish. Austria
35%
A boat for eggs, perhaps. Georgia
35%
UNESCO listed minced "turd". Tastes better hot. Bosnia and Herzegovina
15%
Looks like as it comes out, tastes sweet. Finland
10%
"Y'all off" rice from holy Lewis. Senegal
0%
No matching quizzes found
Score Distribution
Percent of People with Each Score
Percentile by Number Answered
Your Score History
You have not taken this quiz